Joueurs de l'OM 2024-2025. - Statistiques

Statistiques générales
  • Ce quiz a été pris 116 fois
  • Le résultat moyen est 13 sur 16
Statistiques - réponses
Par images Réponse % Correct
Rabiot
100%
Greenwood
98%
Balerdi
92%
Luis Henrique
92%
Rulli
92%
Wahi
91%
Harit
90%
Merlin
90%
Rongier
90%
Maupay
86%
Kondogbia
77%
Lirola
75%
Rowe
73%
Murillo
72%
Cornelius
67%
Hojbjerg
66%
Aucun quiz correspondant
Distribution des résultats
% des personnes avec chaque résultat
Percentile par nombre de réponses
Votre historique - résultats
Vous n’avez pas pris ce quiz